000 00613nam a2200205Ia 4500
003 OSt
005 20240430102228.0
008 210210b1986 xxu||||| |||| 00| 0 eng d
040 _cAL
041 _aKannada
082 _aK894.2 RAMA
100 _aRAMACHANDRA SHARMA.
_dರಾಮಚಂದ್ರ ಶರ್ಮಾ
_9162632
245 _aAidu natakagalu.
_b ಐದು ನಾಟಕಗಳು
260 _aBengaluru
_bPatrike Prakashana
_c1986
300 _a239
650 _aBala Sanje Nili Kagada Seragina Kenda Vaitarani Neralu
_9162633
690 _aKannada Drama
_9162634
906 _a039362
942 _2ddc
_cBK
999 _c89358
_d89358